Quick Pick: Countries en Español Quiz Stats

 Plays Quiz Updated Mar 11, 2018

Challenge
Share
Tweet
Embed
Score 0/12 Timer 01:00
2 Plays Today
% Correct
Polonia
96.9%
Islas Salomón
96.9%
Dinamarca
96.4%
Timor Oriental
96.3%
Marruecos
96.2%
Estados Unidos
96.1%
Islandia
96%
Chipre
95.7%
Alemania
92.4%
Yibuti
91%
Reino Unido
86.8%
Países Bajos
81.8%

Today's Daily Dose

Missing Word
Entertainment 'M'

Word Ladder
North Carolina

On This Day
January 16th II

You're not logged in!

Compare scores with friends on all Sporcle quizzes.
OR
Log In

You Might Also Like...

Show Comments

Extras

Top Quizzes Today


Score Distribution

Your Account Isn't Verified!

In order to create a playlist on Sporcle, you need to verify the email address you used during registration. Go to your Sporcle Settings to finish the process.

Report this User

Report this user for behavior that violates our Community Guidelines.

Details: